000 00292nam a22001217a 4500
082 _a510
_bARO/M
100 _aO.P.ARORA, V.K.BHANDARI
245 _aREFRESHER COURSE IN MATHEMATICS
_bCLASS X
260 _aDELHI
_bS.DINESH & CO
300 _a340
650 _aMATHS FOR CLASS X
_zINDIA
942 _cBK
999 _c752
_d752